| 000 | 00523nam a22002057a 4500 | ||
|---|---|---|---|
| 003 | OSt | ||
| 005 | 20140310182800.0 | ||
| 008 | 130213t xxu||||| |||| 00| 0 eng d | ||
| 020 | _a9812405690 | ||
| 050 |
_aTX 950.7 _b.H456 2000 |
||
| 100 | _aHayter, Roy. | ||
| 245 |
_aBar service : _b levels 1 and 2 / _cRoy Hayter |
||
| 260 |
_aAustralia : _bThomson Learning, _c2000. |
||
| 300 |
_a124 p. : _bill. ; _c25 cm. |
||
| 521 | _aTOU | ||
| 650 | _aBartending | ||
| 942 |
_2lcc _cBK _kFOR |
||
| 999 |
_c15969 _d15969 |
||